Normal view
MARC view
- Marieb, Elaine
Entry Personal Name
001 - CONTROL NUMBER
- control field: 133806
003 - CONTROL NUMBER IDENTIFIER
- control field: NUST
005 - DATE AND TIME OF LATEST TRANSACTION
- control field: 20260401131000.0
008 - FIXED-LENGTH DATA ELEMENTS
- fixed length control field: 260401|| aca||aabn | a|a d
040 ## - CATALOGING SOURCE
- Original cataloging agency: NUST
- Transcribing agency: NUST
100 ## - HEADING--PERSONAL NAME
- Personal name: Marieb, Elaine
670 ## - SOURCE DATA FOUND
- Source citation: Work cat.: (NUST): Marieb, Elaine., Essentials of Human Anatomy and Physiology /, 1194.
